| 000 | 00815cam a2200193 4500 | ||
|---|---|---|---|
| 001 | WB3814-08 | ||
| 008 | 020418n2002 000 0 eng u | ||
| 035 | _a(Sirsi) u117572 | ||
| 245 | _aLandfill tax credits scheme | ||
| 260 | _c2002 | ||
| 490 |
_aHM Treasury Press Release _v(35/02) 17 April 2002, (2) |
||
| 520 | _aConsultation launched on possible changes to the Landfill Tax Credit Scheme. The paper seeks views on the priorities for funding as well as potential funding mechanisms for the scheme. For press release: http://www.treasury.gov.uk/Newsroom_and_Speeches/Press/2002/press_35_02.cfm? | ||
| 590 | _aWB | ||
| 650 | _aLANDFILL TAX CREDIT SCHEME | ||
| 650 | _aWASTE MANAGEMENT | ||
| 650 | _aLOCAL COMMUNITY | ||
| 690 | _aENVIRONMENTAL AND LAND CONSULTANCY-ENVIRONMENTAL MANAGEMENT | ||
| 942 | _n0 | ||
| 999 |
_c70014 _d70014 |
||